|
|
|
|
| LEADER |
00000nam a2200000 4500 |
| 008 |
160127b2014 sp a|||| |||| 00| | spa d |
| 020 |
|
|
|a 9788481963571
|
| 090 |
|
|
|a 18.01.01
|b 2282
|
| 100 |
1 |
|
|9 1346
|a Delgado Álvarez, Carmen
|
| 245 |
1 |
0 |
|a Viajando a Ítaca por mares cuantitativos: Manual de ruta para investigar en grado y posgrado / Carmen Delgado Álvarez
|
| 260 |
|
|
|a Salamanca, España :
|b Amarú Ediciones,
|c 2014
|
| 300 |
|
|
|a 315 páginas;
|b ilustraciones
|
| 650 |
1 |
4 |
|9 163
|a INVESTIGACIÓN
|
| 650 |
1 |
4 |
|9 1347
|a INVESTIGACIÓN CUANTITATIVA
|
| 650 |
1 |
4 |
|9 426
|a MANUALES
|
| 650 |
1 |
4 |
|9 285
|a METODOLOGÍA
|
| 942 |
|
|
|i 004069
|h 18.01.01 2282
|2 z
|c 01
|
| 999 |
|
|
|c 3042
|d 3042
|